logo

Bir Sreshtho Munshi Abdur Rouf Library
Jhenaidah Cadet College

উনিশ শতকের বাংলাদেশের সংবাদ সাময়িকপত্র / (Record no. 2118)

MARC details
000 -LEADER
fixed length control field 00706nam a2200229 a 4500
001 - CONTROL NUMBER
JCCL Control Number 2118
003 - CONTROL NUMBER IDENTIFIER
JCCL marc code BD-JhCC
005 - DATE AND TIME OF LATEST TRANSACTION
control field 20171029205125.0
008 - FIXED-LENGTH DATA ELEMENTS--GENERAL INFORMATION
fixed length control field 171029s2006 bg ||||| ||a| 00| 0 b d
020 ## - INTERNATIONAL STANDARD BOOK NUMBER
International Standard Book Number 9844125502
035 ## - SYSTEM CONTROL NUMBER
system control number (BD-JhCC)2118
040 ## - CATALOGING SOURCE
Original cataloging agency BD-JhCC
Modifying agency BD-JhCC
041 ## - LANGUAGE CODE
Language code of Book ben
082 ## - DEWEY DECIMAL CLASSIFICATION NUMBER
Classification number 075
Author mark and Year MAM 2006
100 ## - MAIN ENTRY--PERSONAL NAME
Personal name মামুন, মুনতাসির
245 ## - TITLE STATEMENT
Title উনিশ শতকের বাংলাদেশের সংবাদ সাময়িকপত্র /
Statement of responsibility, etc মুনতাসির মামুন
260 ## - PUBLICATION, DISTRIBUTION, ETC. (IMPRINT)
Place of publication, distribution, etc ঢাকা :
Name of publisher, distributor, etc অনন্যা,
Date of publication, distribution, etc 2006.
300 ## - PHYSICAL DESCRIPTION
Pagination 223 p. :
Dimensions 20 cm.
650 ## - SUBJECT ADDED ENTRY--TOPICAL TERM
Topical term or geographic name as entry element Newspaper
942 ## - ADDED ENTRY ELEMENTS (KOHA)
Source of classification or shelving scheme Dewey Decimal Classification
Koha item type Books
Holdings
Source of classification or shelving scheme volume number Damaged status Not for loan Home library Current library Shelving location Date of accession Source of acquisition Cost, normal purchase price Total Checkouts Full call number Barcode Date last seen Date checked out Copy number Koha item type
Dewey Decimal Classification V-11     JCC Rouf Library JCC Rouf Library General Stacks 10/29/2017 Fundation of the Tenth's Efforts 200.00 2 075 MAM 2006 3196 12/11/2024 12/11/2024 C-1 Books

JCC Library | Contacts | JCC Home

Last Update on 23 September 2017
Copyright @ 2017-2020 JCC Rouf Library
Rouf Library, Jhenidah Cadet College (JCC), Bangladesh